=LDR 00000nam 2200000 4500 =001 INLIS000000000008539 =005 20130612100407 =008 ***********************************Ind** =035 ##$$0010-061300000008539 =041 ##$$a Ind =082 ##$$a 615 882 =090 ##$$a 615 882, Sut k =100 ##$$a Sutoyo, Agus =245 ##$$a Kiat Sukes Prof.Hembing, Agus Sutoyo =260 ##$$a 2000 $b Jakarta =300 ##$$a x, 222 hlm, 24 cm =650 ##$$a Obat Tradisional